[Event "2nd IMSA Blitz 2017"]
[Site "Huai'an CHN"]
[Date "2017.12.13"]
[Round "12.1"]
[White "Harikrishna, Pentala"]
[Black "Yu, Yangyi"]
[Result "1-0"]
[WhiteTitle "GM"]
[BlackTitle "GM"]
[WhiteElo "2744"]
[BlackElo "2751"]
[WhiteFideId "5007003"]
[BlackFideId "8603820"]
[EventDate "2017.12.12"]

1. e4 c5 2. Nf3 Nc6 3. d4 cxd4 4. Nxd4 Nf6 5. Nc3 e5 6. Ndb5 d6 7. Bg5 a6 8. Na3
b5 9. Nd5 Be7 10. Bxf6 Bxf6 11. c4 b4 12. Nc2 O-O 13. g3 Bg5 14. Bg2 a5 15. O-O
Ne7 16. Nce3 Bxe3 17. Nxe3 Be6 18. Rc1 Nc6 19. Nf5 Ra6 20. Nxd6 Nd4 21. Nf5 Nxf5
22. exf5 Bxf5 23. Qxd8 Rxd8 24. Rfd1 Rxd1+ 25. Rxd1 Kf8 26. c5 e4 27. f3 Rc6 28.
Rc1 Be6 29. a3 bxa3 30. bxa3 exf3 31. Bxf3 Rc7 32. Kf2 Ke7 33. Ke3 Kf6 34. c6
Ke7 35. Rc5 a4 36. Ra5 Bb3 37. Kd4 Kd6 38. Ra8 f6 39. Rd8+ Ke7 40. Rh8 Kd6 41.
Rxh7 Be6 42. Rh8 g5 43. h4 gxh4 44. gxh4 Rg7 45. Rd8+ Kc7 46. Rf8 Bg4 47. Bd5
Kb6 48. Rf7 Rxf7 49. Bxf7 Kxc6 50. h5 Kd6 51. h6 Bf5 52. Bg8 Bg6 53. h7 Bxh7 54.
Bxh7 1-0

[Event "2nd IMSA Blitz 2017"]
[Site "Huai'an CHN"]
[Date "2017.12.13"]
[Round "12.2"]
[White "Le, Quang Liem"]
[Black "Mamedov, Rauf"]
[Result "1-0"]
[WhiteTitle "GM"]
[BlackTitle "GM"]
[WhiteElo "2737"]
[BlackElo "2709"]
[WhiteFideId "12401137"]
[BlackFideId "13401653"]
[EventDate "2017.12.12"]

1. d4 d6 2. Nf3 g6 3. c4 Nf6 4. Nc3 Bf5 5. d5 Bg7 6. Nd4 Bc8 7. e4 O-O 8. Be2 e6
9. O-O exd5 10. cxd5 Re8 11. f3 c5 12. Nc2 a6 13. a4 Nbd7 14. Kh1 h5 15. Bg5 Qc7
16. Qd2 Nh7 17. Bh6 Bh8 18. Rae1 Ndf6 19. Na3 Bd7 20. Bf4 Rad8 21. Nc4 Bc8 22.
Bd3 h4 23. Nxd6 Nh5 24. e5 Rf8 25. Bh6 Bxe5 26. Rxe5 Qxd6 27. Rfe1 Ng7 28. Qf4
Qb6 29. Re7 Rde8 30. Qe5 Nf6 31. d6 Rxe7 32. dxe7 Re8 33. Nd5 1-0

[Event "2nd IMSA Blitz 2017"]
[Site "Huai'an CHN"]
[Date "2017.12.13"]
[Round "12.3"]
[White "Artemiev, Vladislav"]
[Black "Andreikin, Dmitry"]
[Result "0-1"]
[WhiteTitle "GM"]
[BlackTitle "GM"]
[WhiteElo "2691"]
[BlackElo "2712"]
[WhiteFideId "24101605"]
[BlackFideId "4158814"]
[EventDate "2017.12.12"]

1. d4 d5 2. c4 dxc4 3. e3 Nf6 4. Bxc4 e6 5. Nf3 c5 6. Qe2 a6 7. dxc5 Bxc5 8.
Nbd2 Nc6 9. a3 O-O 10. b4 Bd6 11. Bb2 e5 12. Bd3 Bg4 13. Ne4 Qe7 14. O-O Rad8
15. Rfd1 Kh8 16. h3 Bh5 17. Ng3 e4 18. Bxe4 Bxg3 19. Bxc6 Bxf2+ 20. Qxf2 bxc6
21. Rxd8 Rxd8 22. Bxf6 Qxf6 23. Nd4 Qd6 24. Rc1 Bg6 25. Rxc6 Qd5 26. Rxa6 Rc8
27. Ra5 Qe4 28. Rc5 Re8 29. Qf4 Qd3 30. Re5 Rc8 31. b5 h5 32. Nc6 Qxa3 33. Ne7
Rc1+ 34. Kh2 Qa1 35. Nxg6+ fxg6 36. h4 Rf1 37. Qd4 Qe1 38. Re8+ Kh7 0-1

[Event "2nd IMSA Blitz 2017"]
[Site "Huai'an CHN"]
[Date "2017.12.13"]
[Round "13.6"]
[White "Yu, Yangyi"]
[Black "Mamedov, Rauf"]
[Result "1-0"]
[WhiteTitle "GM"]
[BlackTitle "GM"]
[WhiteElo "2751"]
[BlackElo "2709"]
[WhiteFideId "8603820"]
[BlackFideId "13401653"]
[EventDate "2017.12.12"]

1. d4 d5 2. c4 c6 3. Nf3 Nf6 4. Nc3 dxc4 5. a4 Bf5 6. Ne5 Nbd7 7. Nxc4 Qc7 8. g3
e5 9. dxe5 Nxe5 10. Bf4 Nfd7 11. Bg2 g5 12. Ne3 gxf4 13. Nxf5 O-O-O 14. O-O fxg3
15. hxg3 Nc5 16. Qc2 a5 17. Rad1 h5 18. Bh3 Kb8 19. Rxd8+ Qxd8 20. Rd1 Qf6 21.
Qd2 Be7 22. Qe3 Re8 23. Rd4 Bf8 24. Ne4 Nxe4 25. Rxe4 Re6 26. Qd4 Bb4 27. Ne3
Re7 28. Nc4 Ng4 29. Qd8+ Ka7 30. Bxg4 Rxe4 31. Qxf6 hxg4 32. Ne3 1-0

[Event "2nd IMSA Blitz 2017"]
[Site "Huai'an CHN"]
[Date "2017.12.13"]
[Round "14.2"]
[White "Mamedov, Rauf"]
[Black "Andreikin, Dmitry"]
[Result "0-1"]
[WhiteTitle "GM"]
[BlackTitle "GM"]
[WhiteElo "2709"]
[BlackElo "2712"]
[WhiteFideId "13401653"]
[BlackFideId "4158814"]
[EventDate "2017.12.12"]

1. e4 c5 2. Nf3 e6 3. d4 cxd4 4. Nxd4 Nc6 5. Nc3 a6 6. Be3 Nf6 7. Qf3 Qc7 8.
O-O-O Bb4 9. Nxc6 bxc6 10. Bd4 Bd6 11. Kb1 Rb8 12. Bc4 Be5 13. Bxe5 Qxe5 14. Qg3
Qxg3 15. hxg3 d5 16. Bb3 Bb7 17. Rhe1 O-O 18. f3 Rfd8 19. exd5 cxd5 20. Ne2 a5
21. Nd4 Rdc8 22. c3 g6 23. Bc2 Nd7 24. f4 Ba6 25. Kc1 Nb6 26. g4 Nc4 27. Bd3
Nxb2 28. Bxa6 Rxc3+ 29. Kd2 Nxd1 30. Rxd1 Ra3 31. Bd3 Rxa2+ 32. Nc2 a4 33. f5 e5
34. f6 e4 35. Ba6 d4 36. Ra1 Rxa1 37. Nxa1 Rb2+ 38. Kc1 Rxg2 39. Nc2 d3 40. Ne3
Re2 41. Nd5 a3 42. Kb1 Re1+ 0-1

[Event "2nd IMSA Blitz 2017"]
[Site "Huai'an CHN"]
[Date "2017.12.13"]
[Round "14.6"]
[White "Le, Quang Liem"]
[Black "Yu, Yangyi"]
[Result "0-1"]
[WhiteTitle "GM"]
[BlackTitle "GM"]
[WhiteElo "2737"]
[BlackElo "2751"]
[WhiteFideId "12401137"]
[BlackFideId "8603820"]
[EventDate "2017.12.12"]

1. d4 Nf6 2. c4 e6 3. Nf3 d5 4. Nc3 Bb4 5. Bg5 h6 6. Bxf6 Qxf6 7. Qa4+ Nc6 8. e3
O-O 9. Rc1 Rd8 10. cxd5 exd5 11. a3 Bf8 12. Be2 Ne7 13. O-O c6 14. b4 Ng6 15. b5
Bd7 16. bxc6 bxc6 17. Qa5 Re8 18. Rfe1 Bd6 19. Na2 Bg4 20. Nb4 Bxf3 21. Bxf3 Nh4
22. Bg4 Qg6 23. Bh3 Nf3+ 24. Kh1 Nxe1 25. Rxe1 Bxb4 26. axb4 Qd6 27. Rc1 Reb8
28. Rc5 Rb6 29. g3 Qe7 30. b5 Rab8 31. Rxc6 Rxc6 32. bxc6 Qe4+ 33. Kg1 Rb1+ 34.
Bf1 Qd3 35. Kg2 Qxf1+ 36. Kf3 Qh1+ 37. Kg4 Qe4+ 38. Kh3 Qe6+ 39. Kg2 Qxc6 40.
Qxa7 Qe6 41. Qa2 Rc1 42. Qb2 Rc4 43. Qb5 Kh7 44. h4 Rc2 45. Qb3 Qf5 0-1

[Event "2nd IMSA Blitz 2017"]
[Site "Huai'an CHN"]
[Date "2017.12.13"]
[Round "15.5"]
[White "Korobov, Anton"]
[Black "Le, Quang Liem"]
[Result "0-1"]
[WhiteTitle "GM"]
[BlackTitle "GM"]
[WhiteElo "2652"]
[BlackElo "2737"]
[WhiteFideId "14105730"]
[BlackFideId "12401137"]
[EventDate "2017.12.12"]

1. d4 Nf6 2. c4 e6 3. Nf3 d5 4. Nc3 c5 5. cxd5 Nxd5 6. g3 cxd4 7. Nxd4 Nxc3 8.
bxc3 e5 9. Nb5 a6 10. Qxd8+ Kxd8 11. Na3 Bd7 12. Nc4 Bc6 13. Nxe5 Bxh1 14. Nxf7+
Ke8 15. Nxh8 Bc6 16. Bh3 g6 17. Be6 Bg7 18. Bf7+ Kd7 19. Bd2 Bxh8 20. Bg8 Ke7
21. h4 h5 22. Bb3 Nd7 23. Bc2 Kf7 24. Bb3+ Kf8 25. Bc2 Kg7 26. O-O-O Re8 27. Be3
Kh7 28. Rd6 Nf8 29. Kb2 Be5 30. Rd3 Bb5 31. Rd5 Bc6 32. Ra5 Nd7 33. Bd2 Kg7 34.
e3 Nf6 35. f4 Bc7 36. Rg5 Ne4 37. Bxe4 Bxe4 38. c4 Kf7 39. Bc3 Bb6 40. Bd4 Bxd4+
41. exd4 Bf5 42. Kc3 Re3+ 43. Kb4 Re4 44. Kc5 Kf6 45. a4 a5 46. d5 Re3 47. d6
Rd3 48. g4 hxg4 49. h5 gxh5 50. Rxh5 g3 51. Rg5 Be4 0-1

[Event "2nd IMSA Blitz 2017"]
[Site "Huai'an CHN"]
[Date "2017.12.13"]
[Round "15.6"]
[White "Andreikin, Dmitry"]
[Black "Yu, Yangyi"]
[Result "1-0"]
[WhiteTitle "GM"]
[BlackTitle "GM"]
[WhiteElo "2712"]
[BlackElo "2751"]
[WhiteFideId "4158814"]
[BlackFideId "8603820"]
[EventDate "2017.12.12"]

1. d4 d5 2. Nf3 Nf6 3. c4 e6 4. e3 a6 5. Nc3 dxc4 6. Bxc4 c5 7. O-O b5 8. Be2
Bb7 9. dxc5 Qxd1 10. Rxd1 Nc6 11. b3 Bxc5 12. Bb2 O-O 13. Nd2 Be7 14. Bf3 Rfd8
15. Nde4 Nxe4 16. Nxe4 f5 17. Ng3 Na5 18. Ne2 Bxf3 19. gxf3 Kf7 20. f4 Rxd1+ 21.
Rxd1 Rd8 22. Bd4 Rc8 23. Bc3 Nc6 24. Rd7 g6 25. Rb7 Ke8 26. Rb6 b4 27. Be5 a5
28. Kg2 Bd8 29. Rb7 Nxe5 30. fxe5 Rc7 31. Rb8 Kd7 32. Nd4 Be7 33. Rb6 Bc5 34.
Rxe6 Bxd4 35. Rd6+ Ke7 36. exd4 Rc2 37. d5 Rxa2 38. Ra6 Rb2 39. Ra7+ Kd8 40. d6
Re2 41. Rxa5 Kd7 42. Ra7+ Kc6 43. d7 Rd2 44. e6 Kb6 45. Ra8 Kc7 46. Rc8+ 1-0

[Event "2nd IMSA Blitz 2017"]
[Site "Huai'an CHN"]
[Date "2017.12.13"]
[Round "16.4"]
[White "Le, Quang Liem"]
[Black "Andreikin, Dmitry"]
[Result "1-0"]
[WhiteTitle "GM"]
[BlackTitle "GM"]
[WhiteElo "2737"]
[BlackElo "2712"]
[WhiteFideId "12401137"]
[BlackFideId "4158814"]
[EventDate "2017.12.12"]

1. d4 d5 2. c4 c6 3. Nc3 Nf6 4. cxd5 cxd5 5. Bf4 Nc6 6. e3 a6 7. Bd3 Bg4 8. Nge2
e6 9. O-O Be7 10. h3 Bh5 11. Rc1 O-O 12. Na4 Rc8 13. a3 Nd7 14. b4 e5 15. dxe5
Ndxe5 16. Bf5 Ra8 17. Nc5 b5 18. Nd7 Nxd7 19. Rxc6 Nf6 20. Qc2 Bxe2 21. Qxe2 d4
22. Rd1 Qd5 23. Qc2 g6 24. Bg4 Nxg4 25. hxg4 f5 26. Rxd4 Qf7 27. Rc7 fxg4 28.
Rdd7 Rae8 29. Qe4 Bf6 30. Qb7 Re7 31. Rxe7 Bxe7 32. Rxe7 Qf6 33. Qd5+ 1-0

[Event "2nd IMSA Blitz 2017"]
[Site "Huai'an CHN"]
[Date "2017.12.13"]
[Round "17.2"]
[White "Korobov, Anton"]
[Black "Artemiev, Vladislav"]
[Result "0-1"]
[WhiteTitle "GM"]
[BlackTitle "GM"]
[WhiteElo "2652"]
[BlackElo "2691"]
[WhiteFideId "14105730"]
[BlackFideId "24101605"]
[EventDate "2017.12.12"]

1. d4 d5 2. c4 c6 3. Nf3 Nf6 4. Nc3 a6 5. a4 g6 6. Bg5 Bg7 7. e3 O-O 8. a5 Bg4
9. h3 Bxf3 10. Qxf3 e6 11. Bd3 Nbd7 12. O-O Qe7 13. Rfd1 Rad8 14. Qe2 Rfe8 15.
f4 Qd6 16. c5 Qc7 17. Rf1 Rc8 18. b4 Nh5 19. Bh4 f5 20. g4 Nxf4 21. Rxf4 e5 22.
dxe5 Qxe5 23. gxf5 Qxe3+ 24. Qxe3 Rxe3 25. f6 Rxd3 26. fxg7 Rxc3 27. Re1 g5 28.
Bxg5 Rg3+ 29. Kh2 Rxg5 30. Re7 Ne5 31. h4 Ng6 32. hxg5 Nxe7 0-1

[Event "2nd IMSA Blitz 2017"]
[Site "Huai'an CHN"]
[Date "2017.12.13"]
[Round "18.1"]
[White "Andreikin, Dmitry"]
[Black "Wang, Hao"]
[Result "1/2-1/2"]
[WhiteTitle "GM"]
[BlackTitle "GM"]
[WhiteElo "2712"]
[BlackElo "2709"]
[WhiteFideId "4158814"]
[BlackFideId "8602883"]
[EventDate "2017.12.12"]

1. d4 e6 2. e4 d5 3. exd5 exd5 4. Nf3 Nf6 5. Bd3 Bd6 6. Qe2+ Be6 7. c4 O-O 8. c5
Be7 9. O-O Bg4 10. h3 Bxf3 11. Qxf3 Nc6 12. Be3 Nb4 13. Bf5 g6 14. a3 Nc6 15.
Bc2 Na5 16. Nd2 c6 17. b3 b6 18. Rfe1 Re8 19. b4 Nb7 20. Bg5 Nh5 21. Bxe7 Rxe7
22. a4 bxc5 23. dxc5 a5 24. b5 Nxc5 25. Qc3 Rxe1+ 26. Rxe1 Qd6 27. bxc6 Ng7 28.
Nf3 Qxc6 29. Ne5 Qd6 30. Ng4 d4 31. Qc4 Nge6 32. Ne5 Rb8 33. f4 Rb4 34. Qf1 d3
35. Nxd3 Nxd3 36. Qxd3 Qxd3 37. Bxd3 Rxa4 38. f5 gxf5 39. Bxf5 Nd4 40. Bd7 Ra2
41. Re4 Rd2 42. Kf1 Kg7 43. Rf4 Nc2 44. Bc6 Ne3+ 45. Kg1 Rd6 46. Ba4 Rf6 47. Re4
Nd5 48. Re5 Rd6 49. Bb3 Nf4 50. Rxa5 Rg6 51. Rf5 Nxh3+ 52. Kh2 Ng5 53. Bd5 h6
54. Bf3 Rb6 55. Rf4 Kg6 56. Be4+ Kg7 57. Bf3 Rb2 58. Bd5 Rd2 59. Bc6 Rd6 60. Bf3
Rf6 61. Rxf6 Kxf6 62. Bc6 Ke5 63. Kg3 Ne4+ 64. Kh4 Nf6 65. Kg3 Kf5 66. Bb7 Kg5
67. Ba8 Nh5+ 68. Kf3 f5 69. Bb7 Nf6 70. Ba8 Nd7 71. Bb7 Ne5+ 72. Kg3 h5 73. Ba8
Ng4 74. Bb7 Ne3 75. Ba8 h4+ 76. Kh3 Nf1 77. Bb7 Ng3 78. Ba8 Ne2 79. Bb7 Nf4+ 80.
Kh2 Nh5 81. Kh3 Ng3 82. Ba8 f4 83. Bb7 Nf5 84. Be4 Nd4 85. Bb7 Nf5 86. Ba8 Ne7
87. Bb7 Ng6 88. Be4 Ne5 89. Bb7 Nd3 90. Ba8 Nf2+ 91. Kh2 Kf5 92. Kg1 Ng4 93. Bf3
Ne3 94. Kh2 Kg5 95. Kh3 Nf1 96. Bb7 Nd2 97. Bc6 Nc4 98. Bb7 Ne5 99. Ba8 Nd3 100.
Bb7 Nf2+ 101. Kh2 Kf5 102. Kg1 Ne4 103. Kh2 Ng5 104. Kg1 Ke5 105. Kf2 Kd4 106.
Ba8 h3 107. gxh3 Nxh3+ 108. Kf3 Ng5+ 109. Kxf4 1/2-1/2

[Event "2nd IMSA Blitz 2017"]
[Site "Huai'an CHN"]
[Date "2017.12.13"]
[Round "19.1"]
[White "Artemiev, Vladislav"]
[Black "Le, Quang Liem"]
[Result "1-0"]
[WhiteTitle "GM"]
[BlackTitle "GM"]
[WhiteElo "2691"]
[BlackElo "2737"]
[WhiteFideId "24101605"]
[BlackFideId "12401137"]
[EventDate "2017.12.12"]

1. d4 Nf6 2. c4 e6 3. Nc3 d5 4. Bg5 c5 5. e3 cxd4 6. exd4 Be7 7. Nf3 O-O 8. Rc1
Nc6 9. c5 b6 10. Bb5 Bd7 11. Bxc6 Bxc6 12. b4 bxc5 13. bxc5 Rb8 14. Ne5 Qc8 15.
O-O h6 16. Bh4 Re8 17. Qf3 Rb4 18. Rfd1 Bb7 19. Rb1 Rxb1 20. Rxb1 Ba6 21. a4 Bc4
22. Nb5 Rf8 23. Nxa7 Qe8 24. Nac6 g5 25. Rb7 Bd8 26. Rb8 Nd7 27. Bg3 Nxb8 28.
Nxb8 Qxa4 29. h4 f6 30. Nbd7 Qa1+ 31. Kh2 Qxd4 32. Qh5 Qe4 33. Nxf8 Kxf8 34.
Qf7# 1-0

[Event "2nd IMSA Blitz 2017"]
[Site "Huai'an CHN"]
[Date "2017.12.13"]
[Round "19.3"]
[White "Korobov, Anton"]
[Black "Mamedov, Rauf"]
[Result "0-1"]
[WhiteTitle "GM"]
[BlackTitle "GM"]
[WhiteElo "2652"]
[BlackElo "2709"]
[WhiteFideId "14105730"]
[BlackFideId "13401653"]
[EventDate "2017.12.12"]

1. d4 g6 2. c4 Bg7 3. Nc3 d6 4. e4 Nc6 5. Be3 e5 6. d5 Nce7 7. g4 f5 8. gxf5
gxf5 9. Qh5+ Kf8 10. exf5 Nf6 11. Qe2 Nxf5 12. Nf3 a6 13. Bh3 Nxe3 14. fxe3 Bxh3
15. O-O-O Bg4 16. Rhg1 Qd7 17. Rdf1 Rg8 18. Nxe5 dxe5 19. Rxg4 Bh8 20. Rh4 Rg6
21. Ne4 Kg8 22. Nc5 Qe7 23. Ne6 Nxd5 24. Qf3 Nxe3 25. Rxh7 Qxe6 0-1

[Event "2nd IMSA Blitz 2017"]
[Site "Huai'an CHN"]
[Date "2017.12.13"]
[Round "20.4"]
[White "Yu, Yangyi"]
[Black "Korobov, Anton"]
[Result "1-0"]
[WhiteTitle "GM"]
[BlackTitle "GM"]
[WhiteElo "2751"]
[BlackElo "2652"]
[WhiteFideId "8603820"]
[BlackFideId "14105730"]
[EventDate "2017.12.12"]

1. d4 Nf6 2. c4 e6 3. Nf3 b6 4. g3 Bb7 5. Bg2 Be7 6. O-O O-O 7. Re1 Na6 8. Bg5
h6 9. Bxf6 Bxf6 10. e4 d6 11. Nc3 g6 12. Qd2 Bg7 13. Rad1 e5 14. Nd5 c6 15. Ne3
Qe7 16. b4 Rad8 17. b5 cxb5 18. cxb5 Nc7 19. Qb4 Rde8 20. Nc4 exd4 21. Nxd4 d5
22. Qxe7 Rxe7 23. Nd6 Ba8 24. Nc6 Re6 25. e5 Bxc6 26. bxc6 Bxe5 27. Nb5 Nxb5 28.
Rxd5 Rfe8 29. Rxb5 Bc7 30. Rxe6 Rxe6 31. Kf1 Re5 32. Rb3 Rc5 33. Rd3 Rc1+ 34.
Ke2 Rc2+ 35. Ke1 b5 36. Rd7 Bb6 37. Bd5 Kf8 38. Rxf7+ Ke8 39. Kd1 Rc5 40. Rd7
Rc3 41. Kd2 b4 42. h4 Bxf2 43. Ke2 Bxg3 44. Rxa7 g5 45. hxg5 hxg5 46. Be6 Bf4
47. Bd7+ Ke7 48. Rb7 Kd6 49. Rxb4 Rc2+ 50. Kf3 Rxa2 51. Rd4+ Kc7 52. Be8 Rd2 53.
Re4 Kd6 54. Bd7 Rc2 55. Re6+ Kc7 56. Be8 Bd6 57. Rg6 Rxc6 58. Rg7+ Kb6 59. Bxc6
Kxc6 60. Rxg5 Bc7 61. Ke4 Bd6 62. Rg6 Kc5 63. Rg1 Kc6 64. Rc1+ Bc5 65. Ke5 Kb5
66. Kd5 Bf2 67. Rb1+ Ka5 68. Kc4 Be3 69. Rb3 Bg1 70. Rb5+ Ka6 71. Kb4 Bf2 72.
Ka4 Bb6 73. Rf5 Bg1 74. Rf6+ Kb7 75. Kb5 Kc7 76. Kc4 Kb7 77. Kd5 Kc7 78. Rc6+
Kb7 79. Kd6 Bh2+ 80. Kd7 Bg3 81. Rc3 Bh2 82. Rb3+ Ka7 83. Kc6 Ka8 84. Rb1 Bg3
85. Kb6 Bf2+ 86. Ka6 Bg3 87. Rb7 Bh2 88. Rg7 Bf4 89. Rf7 Bh2 90. Rf8+ Bb8 91.
Kb5 Kb7 92. Rf7+ Ka8 93. Kc6 Bh2 94. Rg7 Bf4 95. Rg4 Bh2 96. Kb6 Be5 97. Ra4+
Kb8 98. Re4 Bc7+ 99. Kc6 Bh2 100. Rg4 Ka7 101. Rg7+ Kb8 102. Kb6 Ka8 103. Ka6
Bb8 104. Kb6 Bf4 105. Kc6 Be3 106. Kc7 Bf4+ 107. Kc8 Be3 108. Rg4 Bf2 109. Kc7
Be3 110. Ra4+ Ba7 111. Kc6 Kb8 112. Rb4+ Ka8 113. Ra4 Kb8 114. Rb4+ Ka8 115. Kc7
Bg1 116. Rb8+ Ka7 117. Rb2 Ka6 118. Rb7 Bh2+ 119. Kc6 Ka5 120. Rb5+ Ka4 121. Kc5
Bg1+ 122. Kc4 Bf2 123. Rb2 1-0

[Event "2nd IMSA Blitz 2017"]
[Site "Huai'an CHN"]
[Date "2017.12.13"]
[Round "21.2"]
[White "Artemiev, Vladislav"]
[Black "Mamedov, Rauf"]
[Result "1/2-1/2"]
[WhiteTitle "GM"]
[BlackTitle "GM"]
[WhiteElo "2691"]
[BlackElo "2709"]
[WhiteFideId "24101605"]
[BlackFideId "13401653"]
[EventDate "2017.12.12"]

1. e4 c5 2. Nf3 d6 3. Nc3 Nf6 4. e5 dxe5 5. Nxe5 a6 6. g3 Qc7 7. d4 cxd4 8. Qxd4
Nc6 9. Nxc6 Qxc6 10. Bg5 e6 11. Bxf6 gxf6 12. Qxf6 Rg8 13. O-O-O Be7 14. Qd4 Bd7
15. Bg2 Qxg2 16. Qxd7+ Kf8 17. Qc7 b5 18. Rhe1 Qxf2 19. Qc6 Rb8 20. Ne4 Qb6 21.
Qc3 b4 22. Qe5 Rc8 23. Rf1 Qc6 24. Rd2 Rg7 25. Nf6 Qc4 26. Nd7+ Kg8 27. Nf6+ Kf8
28. Nd7+ Kg8 29. Nf6+ Kh8 30. Rdf2 Qxa2 31. Nh5 Bg5+ 32. Rf4 f6 33. Qd6 Qc4 34.
Rf2 e5 35. Nxg7 Kxg7 36. h4 Bxf4+ 37. gxf4 exf4 38. Rg2+ Kf7 39. Qd7+ Kf8 40.
Qd6+ Kf7 41. Qd7+ Kf8 42. Qg7+ Ke8 43. Qh8+ Kd7 44. Qxh7+ Ke6 45. Rd2 Rc7 46.
Qg8+ Ke5 47. Re2+ Kf5 48. Qg2 Qc6 49. Qh3+ Kg6 50. Qg4+ Kf7 51. Qh5+ Kg7 52.
Qg4+ Kf8 53. b3 f3 54. Rd2 Re7 55. Rd8+ Re8 56. Qxb4+ Kf7 57. Rd2 Qe4 58. Qxe4
Rxe4 59. Rf2 Rxh4 60. Rxf3 Ke6 61. Rc3 Kd5 62. Rd3+ Kc5 63. Rf3 a5 64. Rf5+ Kb4
65. Kb2 Rh2 66. Rxf6 Rg2 67. Rf5 Rh2 68. Rf4+ Kb5 69. Rc4 Rg2 70. Rc8 Rh2 71.
Ka3 Rh1 72. Rb8+ Kc5 73. Rc8+ Kb5 74. c4+ Kb6 75. Rb8+ Ka6 76. Kb2 Rh3 77. Kc2
Rg3 78. Rd8 Kb6 79. Rd6+ Kb7 80. Rd3 Rg4 81. Kc3 Kb6 82. Rd6+ Kb7 83. Rd4 Rg3+
84. Rd3 Rg4 85. Rd6 Rh4 86. Kd3 Rh3+ 87. Kc2 Rg3 88. Kb2 Rg1 89. Kc3 Rg3+ 90.
Rd3 Rg4 91. Re3 Rh4 92. Re5 Kb6 93. Rb5+ Ka6 94. Rb8 Rh3+ 95. Kd4 Ka7 96. Rb5
Ka6 97. Rb8 Ka7 98. Rb5 Ka6 99. Ke4 1/2-1/2

[Event "2nd IMSA Blitz 2017"]
[Site "Huai'an CHN"]
[Date "2017.12.13"]
[Round "21.4"]
[White "Korobov, Anton"]
[Black "Andreikin, Dmitry"]
[Result "1-0"]
[WhiteTitle "GM"]
[BlackTitle "GM"]
[WhiteElo "2652"]
[BlackElo "2712"]
[WhiteFideId "14105730"]
[BlackFideId "4158814"]
[EventDate "2017.12.12"]

1. Nf3 d5 2. b3 Bg4 3. e3 Nd7 4. Bb2 c6 5. h3 Bxf3 6. Qxf3 Ngf6 7. c4 e6 8. Nc3
Bb4 9. Qd1 O-O 10. Be2 e5 11. cxd5 cxd5 12. O-O a6 13. a3 Bd6 14. b4 Re8 15. Rc1
Nf8 16. Qb3 e4 17. Na4 Ng6 18. Bxf6 gxf6 19. f4 Ne7 20. Nc5 Rb8 21. Qb2 Nf5 22.
Bg4 Ng3 23. Nd7 Be7 24. Nxb8 f5 25. Bd1 Bf6 26. Qa2 Qxb8 27. Bb3 Rd8 28. Bxd5
Rd7 29. Rfe1 Qd8 30. Rc5 b6 31. Rc6 Kg7 32. Rxf6 Kxf6 33. Qb2+ Kg6 34. Kh2 Qh4
35. Bc4 Nh5 36. Rf1 f6 37. Be2 Ng3 38. Re1 Kh6 39. Bxa6 Rg7 40. Qd4 Nf1+ 41. Kg1
Qxe1 42. Qd5 1-0

[Event "2nd IMSA Blitz 2017"]
[Site "Huai'an CHN"]
[Date "2017.12.13"]
[Round "22.5"]
[White "Yu, Yangyi"]
[Black "Artemiev, Vladislav"]
[Result "1/2-1/2"]
[WhiteTitle "GM"]
[BlackTitle "GM"]
[WhiteElo "2751"]
[BlackElo "2691"]
[WhiteFideId "8603820"]
[BlackFideId "24101605"]
[EventDate "2017.12.12"]

1. d4 d5 2. c4 c6 3. Nf3 Nf6 4. Nc3 a6 5. c5 g6 6. Bf4 Bg7 7. h3 O-O 8. e3 Bf5
9. Be2 Nbd7 10. Ne5 Ne4 11. Nxe4 Bxe4 12. O-O Nxe5 13. Bxe5 f6 14. Bg3 e5 15.
Qd2 Qe7 16. b4 Bf5 17. a4 Rae8 18. Rfe1 Bd7 19. Rab1 f5 20. Bxe5 Bxe5 21. dxe5
Qxe5 22. Bf3 g5 23. Bh5 Re7 24. f4 Qf6 25. fxg5 Qxg5 26. Bf3 Rfe8 27. Kf2 Rg7
28. Qd4 Qg3+ 29. Kf1 Re4 30. Qf6 Re6 31. Qd4 Re4 32. Qf6 Re6 33. Qd4 Re4 34. Qf6
Re6 1/2-1/2